Oral Health & Preventive Dentistry (Record no. 30263)

MARC details
000 -LEADER
fixed length control field 00187nam a22000977a 4500
003 - CONTROL NUMBER IDENTIFIER
control field SGT
245 ## - TITLE STATEMENT
Title Oral Health & Preventive Dentistry
260 ## - PUBLICATION, DISTRIBUTION, ETC. (IMPRINT)
Year of Publication 2006
300 ## - PAGE DESCRIPTION
No. of Pages 290
942 ## - ADDED ENTRY ELEMENTS (KOHA)
Source of classification or shelving scheme Dewey Decimal Classification
Koha item type Back Volumes
Holdings
Withdrawn status Lost status Source of classification or shelving scheme Damaged status Use restrictions Not for loan Home library Current library Date acquired Volume Information (Serial or Books or Non-Book Material) SGTU Total Checkouts Accession No. (Barcode) Date last seen Bill Date Koha item type
    Dewey Decimal Classification   Restricted Access Not For Loan SGT Dental Library SGT Dental Library 12/03/2025 Vol.4 SGTU   Pd1229 12/03/2025 12/03/2025 Back Volumes